000 00564nam a2200181Ia 4500
005 20250326141847.0
008 250326s9999 xx 000 0 und d
037 _aTextbook
040 _aFMSL
_beng
_cFMSL
041 _aeng
_2eng
084 _aX8(C6).7 M5
_qFMSL
100 _aPlummer James L
_9745181
245 0 _aStrategic management and planning for electric utilities
_cPlummer James L
260 _aEnglewood Englewood
_bEnglewood Englewood, Prentice-hall
_c1985
300 _a308p
942 _cTB
_hX8(C6).7 M5
999 _c1292330
_d1292330